| 000 | 00647nam a2200241Ia 4500 | ||
|---|---|---|---|
| 003 | OSt | ||
| 005 | 20230418111737.0 | ||
| 008 | 210423s2007 xx 000 0 und d | ||
| 020 | _a9780393930542 | ||
| 040 | _cAL | ||
| 041 | _aeng | ||
| 082 |
_a153.4 REID _223 |
||
| 100 |
_aREISBERG (Daniel) _989841 |
||
| 245 | _aCognition: exploring the science of the mind | ||
| 250 | _a3 | ||
| 260 |
_aNew York _bW W Norton & Co., _c2007 |
||
| 300 |
_axvi,529 _bHB |
||
| 365 |
_b1995 _cINR |
||
| 650 |
_aMental Process & Intelligence _989842 |
||
| 650 |
_aPsychology _989843 |
||
| 906 | _aCognition: ; exploring ; mind. ; science | ||
| 942 |
_2ddc _cBK |
||
| 999 |
_c159498 _d159498 |
||